[Event "Bratto op-C 35th"]
[Site "Bratto"]
[Date "2015.08.29"]
[Round "7.8"]
[White "Panini, Luciano"]
[Black "Martino, Eugenio"]
[Result "0-1"]
[WhiteElo "1748"]
[BlackElo "1689"]
[PlyCount "42"]
[EventDate "2015.08.23"]
[EventType "swiss"]
[EventRounds "8"]
[EventCountry "ITA"]
[SourceTitle "EXT 2022"]
[Source "ChessBase"]
[SourceDate "2021.10.06"]
[SourceVersion "1"]
[SourceVersionDate "2021.10.06"]
[SourceQuality "1"]

1. d4 Nf6 2. Nf3 g6 3. Bf4 Bg7 4. Nbd2 0-0 5. e4 d6 6. c3 Nbd7 7. Be2 Re8 8. e5 Nh5 9. e6 Nxf4 10. exd7 Qxd7 11. 0-0 Qg4 12. g3 b6 13. Re1 Bb7 14. Bf1 Nh3+ 15. Bxh3 Qxh3 16. Qe2 Bh6 17. Qf1 Qf5 18. Nh4 Qd5 19. Ne4 f5 20. c4 Qxd4 21. b3 Bxe4 0-1

[Event "Bratto op-C 35th"]
[Site "Bratto"]
[Date "2015.08.27"]
[Round "5.9"]
[White "Panini, Luciano"]
[Black "Mapelli, Davide"]
[Result "1-0"]
[WhiteElo "1748"]
[BlackElo "1630"]
[PlyCount "101"]
[EventDate "2015.08.23"]
[EventType "swiss"]
[EventRounds "8"]
[EventCountry "ITA"]
[SourceTitle "EXT 2022"]
[Source "ChessBase"]
[SourceDate "2021.10.06"]
[SourceVersion "1"]
[SourceVersionDate "2021.10.06"]
[SourceQuality "1"]

1. d4 f5 2. Nf3 Nf6 3. Bf4 e6 4. c3 d5 5. Nbd2 c5 6. e3 Be7 7. Ne5 0-0 8. Be2 Nbd7 9. Ndf3 Ne4 10. Nxd7 Bxd7 11. Be5 b5 12. dxc5 Bxc5 13. Nd4 Qb6 14. f3 Ng5 15. b4 Be7 16. Qd3 Nf7 17. Bg3 e5 18. Nb3 Rfd8 19. Bf2 a6 20. e4 Qf6 21. exd5 Bc6 22. Nc5 Bxd5 23. Qc2 Nd6 24. 0-0 Bc4 25. Rfd1 Bxe2 26. Qxe2 Nc4 27. Rxd8+ Rxd8 28. Rd1 Rxd1+ 29. Qxd1 Qc6 30. Qd3 g6 31. h4 a5 32. h5 axb4 33. cxb4 Nb2 34. Qb3+ Nc4 35. hxg6 hxg6 36. a4 Bxc5 37. Bxc5 Kg7 38. axb5 Qxb5 39. Qd3 Kh7 40. g4 fxg4 41. fxg4 Kg7 42. g5 Kh7 43. Qh3+ Kg7 44. Qh6+ Kf7 45. Qh7+ Ke6 46. Qxg6+ Kd7 47. Qd3+ Ke6 48. Qf1 Kd5 49. g6 Qa6 50. g7 Qg6+ 51. Qg2+ 1-0

[Event "Bratto op-C 35th"]
[Site "Bratto"]
[Date "2015.08.23"]
[Round "1.3"]
[White "Panini, Luciano"]
[Black "Colonetti, Fabio"]
[Result "0-1"]
[WhiteElo "1748"]
[BlackElo "1638"]
[PlyCount "90"]
[EventDate "2015.08.23"]
[EventType "swiss"]
[EventRounds "8"]
[EventCountry "ITA"]
[SourceTitle "EXT 2022"]
[Source "ChessBase"]
[SourceDate "2021.10.06"]
[SourceVersion "1"]
[SourceVersionDate "2021.10.06"]
[SourceQuality "1"]

1. d4 d5 2. Bf4 Bf5 3. Nf3 e6 4. e3 c6 5. Bd3 Be4 6. Nbd2 f5 7. Bxe4 dxe4 8. Ne5 Nf6 9. a4 Be7 10. g4 g6 11. h4 Nd5 12. c3 Nxf4 13. exf4 Nd7 14. Ndc4 Nf6 15. h5 gxh5 16. gxf5 Qd5 17. Ne3 Qd6 18. Rxh5 0-0-0 19. Rh1 Rdf8 20. Qc2 exf5 21. Nxf5 Qe6 22. Nxe7+ Qxe7 23. 0-0-0 Qe6 24. Kb1 Qf5 25. f3 Qxf4 26. fxe4 Qxe4 27. Rdf1 Qxc2+ 28. Kxc2 Kd8 29. b4 Ke7 30. Re1 Kd8 31. Rhf1 Rhg8 32. Rg1 Rxg1 33. Rxg1 Rg8 34. Re1 Rg2+ 35. Kb3 Rg3 36. Rc1 Nd5 37. b5 Kc7 38. bxc6 bxc6 39. a5 a6 40. Nc4 h5 41. Nd2 h4 42. Ne4 Re3 43. Nc5 Kc8 44. Nxa6 Rxc3+ 45. Rxc3 Nxc3 0-1